00656nam a2200193Ia 4500001002300000003000900023008004100032040002300073041001300096100003000109240003400139245003700173250001500210260004400225300001900269490002700288501012400315700002300439248.3-CAB jo è (3758)IT-MiSPE171229s9999||||xx |||||||||||||| ||und|| aIT-MiSPEcIT-MiSPE aITALIANO aJosé Maria Cabodevilla  aAún es posible la alegría 0aÈ ancora possibile l'allegria? a1a ed. (v) aCinisello B.mobEd. Paolinec(st.) 1962 a360 p. c18 cm aVoci dall'alto: IIv89 aEdizioni San Paolo srl - Piazza Soncino, 5 - 20092 CINISELLO BALSAMO (MI) (non commercial uses only) ® Copyright 2018 aV.T.g(traduzione)